000 00335nam a2200109Ia 4500
008 171211s9999 xx 000 0 und d
245 _aEffective UI
245 _cJohn McRee, Jonathan Anderson, Robb Wilson, and The EffectiveUI Team
260 _c2010
650 _xIT eBOOKS
856 _uhttp://down.ebook777.com/020/Effective%20UI.pdf
999 _c349841
_d349841